<?xml version="1.0" encoding="UTF-8"?>
<record
    xmlns:xsi="http://www.w3.org/2001/XMLSchema-instance"
    xsi:schemaLocation="http://www.loc.gov/MARC21/slim http://www.loc.gov/standards/marcxml/schema/MARC21slim.xsd"
    xmlns="http://www.loc.gov/MARC21/slim">

  <leader>00659nam a2200253Ia 4500</leader>
  <controlfield tag="008">180523s9999    xx            000 0 und d</controlfield>
  <datafield tag="020" ind1=" " ind2=" ">
    <subfield code="a">0-07-046504-5</subfield>
  </datafield>
  <datafield tag="050" ind1=" " ind2=" ">
    <subfield code="a">MAIN HD 58.7</subfield>
  </datafield>
  <datafield tag="050" ind1=" " ind2=" ">
    <subfield code="b">.N49 1997</subfield>
  </datafield>
  <datafield tag="100" ind1=" " ind2=" ">
    <subfield code="a">Newstrom, John W.</subfield>
  </datafield>
  <datafield tag="245" ind1=" " ind2="0">
    <subfield code="a">Organizational behavior :</subfield>
  </datafield>
  <datafield tag="245" ind1=" " ind2="0">
    <subfield code="b">human behavior at work /</subfield>
  </datafield>
  <datafield tag="245" ind1=" " ind2="0">
    <subfield code="c">John W. Newstrom, Keith Davis.</subfield>
  </datafield>
  <datafield tag="250" ind1=" " ind2=" ">
    <subfield code="a">10th Edition</subfield>
  </datafield>
  <datafield tag="260" ind1=" " ind2=" ">
    <subfield code="a">New York :</subfield>
  </datafield>
  <datafield tag="260" ind1=" " ind2=" ">
    <subfield code="b">McGraw-Hill,</subfield>
  </datafield>
  <datafield tag="260" ind1=" " ind2=" ">
    <subfield code="c">1997</subfield>
  </datafield>
  <datafield tag="300" ind1=" " ind2=" ">
    <subfield code="a">610 pages :</subfield>
  </datafield>
  <datafield tag="300" ind1=" " ind2=" ">
    <subfield code="b">illustrations ;</subfield>
  </datafield>
  <datafield tag="300" ind1=" " ind2=" ">
    <subfield code="c">25 cm.</subfield>
  </datafield>
  <datafield tag="500" ind1=" " ind2=" ">
    <subfield code="a">Includes index.</subfield>
  </datafield>
  <datafield tag="650" ind1=" " ind2=" ">
    <subfield code="a">Organizational behavior.</subfield>
  </datafield>
  <datafield tag="650" ind1=" " ind2=" ">
    <subfield code="x">Industrial sociology.</subfield>
  </datafield>
  <datafield tag="999" ind1=" " ind2=" ">
    <subfield code="c">356918</subfield>
    <subfield code="d">356918</subfield>
  </datafield>
  <datafield tag="952" ind1=" " ind2=" ">
    <subfield code="0">0</subfield>
    <subfield code="1">0</subfield>
    <subfield code="4">0</subfield>
    <subfield code="a">SMC</subfield>
    <subfield code="b">SMC</subfield>
    <subfield code="c">MAIN</subfield>
    <subfield code="d">2006-08-24</subfield>
    <subfield code="g">0.00</subfield>
    <subfield code="l">0</subfield>
    <subfield code="o">MAIN HD 58.7 .N49 1997</subfield>
    <subfield code="p">SMC03312</subfield>
    <subfield code="r">2018-05-23 00:00:00</subfield>
    <subfield code="w">2018-05-23</subfield>
    <subfield code="y">BK </subfield>
  </datafield>
</record>
